Dovolenka

Zamestnancovi vzniká za podmienok ustanovených ZP nárok na dovolenku za kalendárny rok alebo jej pomernú časť, dovolenku za odpracované dni a dodatkovú dovolenku. Krátenie dovolenky. Hromadné čerpanie.

Guardado en:
Detalles Bibliográficos
Autor principal: Bedlovičová, Danica
Formato: Capítulo de libro
Lenguaje:eslovaco
Materias:
Etiquetas: Agregar Etiqueta
Sin Etiquetas, Sea el primero en etiquetar este registro!

MARC

LEADER 00000naa a2200000 4500
001 0134439
005 20231120125230.4
041 0 |a slo 
044 |a SK 
245 1 0 |a Dovolenka  |c Danica Bedlovičová 
520 |a Zamestnancovi vzniká za podmienok ustanovených ZP nárok na dovolenku za kalendárny rok alebo jej pomernú časť, dovolenku za odpracované dni a dodatkovú dovolenku. Krátenie dovolenky. Hromadné čerpanie. 
610 2 0 |a právo pracovné 
610 2 0 |a dovolenka 
100 1 |a Bedlovičová, Danica